| 000 | 00800nam a2200265 a 4500 | ||
|---|---|---|---|
| 001 | BRCA_6215 | ||
| 005 | 20190320205355.0 | ||
| 008 | 180711s1951----nyu#######---#000-0#eng-# | ||
| 041 | _aeng | ||
| 044 | _anyu | ||
| 050 | 4 |
_aPN6161 _b.C86 1951 |
|
| 100 | 1 |
_aCuppy, Will _d1884-1949. _915623 |
|
| 245 | 1 | 0 |
_aHow to get from January to December _cedited by Fred Feldkamp; Drawings by John Ruge. |
| 260 |
_aNueva York _bH. Holt _c1951 |
||
| 300 |
_aviii, 279 p. _bil. _c22 cm. |
||
| 500 | _aIncluye índice alfabético | ||
| 500 | _aEstado físico: Camisa deteriorada | ||
| 500 | _aK75 | ||
| 650 | 1 | 4 |
_aHumorismo estadounidense _910411 |
| 650 | 1 | 4 |
_aAlmanaques estadounidenses _915624 |
| 700 | 1 |
_aFeldkamp,Fred _eed. _915625 |
|
| 700 | 1 |
_aRuge, John _eil. _915626 |
|
| 902 | _aGFM | ||
| 942 |
_2lcc _cB |
||
| 999 |
_c5902 _d5902 |
||